000 01346cam a22003978a 4500
003 DLC
005 20241220110104.0
008 980924s2000 nyu j 000 0beng
001 98044738
010 _a 98044738
020 _a0590485342
035 _a(Sirsi) i9780590485340
040 _aDLC
_cDLC
_dDLC
042 _alcac
043 _an-us---
050 0 0 _aE302.6.F8
_bG46 2000
082 0 0 _a973.3/092
_221
082 _a973.3 GIB 2001
092 _a973.3 GIB 2001
100 1 _aGiblin, James.
_911782
245 1 4 _aThe amazing life of Benjamin Franklin /
_cby James Cross Giblin ; illustrated by Micheal Dooling.
250 _a1st ed.
260 _aNew York :
_bScholastic Press,
_c2000.
263 _a2003
300 _a48 p. :
_bcol. ill. ;
_c29 cm.
520 _aA biography of the eighteenth-century printer, inventor, and statesman who played an influential role in the early history of the United States.
600 1 0 _aFranklin, Benjamin,
_d1706-1790.
_96107852
650 0 _aStatesmen
_zUnited States
_vBiography.
_95695647
650 0 _aScientists
_zUnited States
_vBiography.
_95719215
650 0 _aPrinters
_zUnited States
_vBiography.
_95770987
650 0 _aInventors
_zUnited States
_vBiography.
_95770986
700 1 _aDooling, Michael,
_931022
942 _cBOOK
_049
979 _a314917
998 _aa25106
999 _c12932
_d12932